[Event "Wch Blitz"]
[Site "Samarkand"]
[Date "2023.12.30"]
[Round "15"]
[White "Demchenko, Anton"]
[Black "Abdisalimov, Abdimalik"]
[Result "1-0"]
[WhiteElo "2609"]
[BlackElo "2496"]
[PlyCount "75"]
[EventDate "2023.12.29"]
[EventType "swiss (blitz)"]
[EventRounds "21"]
[EventCountry "UZB"]
[SourceTitle "CB01_2024"]
[SourceDate "2024.01.03"]
[SourceVersion "1"]
[SourceVersionDate "2024.01.03"]
[SourceQuality "1"]

1. e4 c5 2. Nc3 a6 3. g3 b5 4. Bg2 Bb7 5. Nge2 e6 6. 0-0 Nf6 7. d3 d6 8. h3 Nc6 9. Be3 Be7 10. f4 0-0 11. g4 d5 12. Bf2 b4 13. Na4 Qa5 14. b3 dxe4 15. dxe4 Rfd8 16. Qe1 e5 17. f5 Nd4 18. Nxd4 cxd4 19. Nb2 Rac8 20. Nc4 Rxc4 21. bxc4 Qc5 22. Qe2 Rc8 23. g5 Ne8 24. f6 Bd6 25. fxg7 Qxc4 26. Qf3 Nxg7 27. h4 Ne6 28. Bh3 Rc7 29. Bg3 Qxc2 30. Bxe6 fxe6 31. Rae1 Qc3 32. Qg4 Bc8 33. Rf3 d3 34. Ref1 d2 35. Rxc3 bxc3 36. Qh5 Re7 37. Qf3 Bd7 38. Qf8# 1-0

[Event "Wch Blitz"]
[Site "Samarkand"]
[Date "2023.12.29"]
[Round "8"]
[White "Pranav, V."]
[Black "Abdisalimov, Abdimalik"]
[Result "1/2-1/2"]
[WhiteElo "2611"]
[BlackElo "2496"]
[PlyCount "168"]
[EventDate "2023.12.29"]
[EventType "swiss (blitz)"]
[EventRounds "21"]
[EventCountry "UZB"]
[SourceTitle "CB01_2024"]
[SourceDate "2024.01.03"]
[SourceVersion "1"]
[SourceVersionDate "2024.01.03"]
[SourceQuality "1"]

1. e4 c5 2. Nf3 d6 3. d4 cxd4 4. Nxd4 Nf6 5. Nc3 a6 6. h3 e6 7. g4 h6 8. Bg2 Be7 9. 0-0 0-0 10. Be3 Nc6 11. f4 Nxd4 12. Qxd4 Nd7 13. Rad1 b5 14. a4 Rb8 15. Qd3 b4 16. Ne2 Qc7 17. b3 Bb7 18. Rf2 Nc5 19. Qc4 Rfc8 20. Bxc5 Qxc5 21. Qxc5 Rxc5 22. Nd4 Rbc8 23. Rdd2 R8c7 24. Rfe2 Kf8 25. Bf3 Bf6 26. e5 dxe5 27. Bxb7 Rxb7 28. fxe5 Bxe5 29. Nf3 Bf4 30. Rd8+ Ke7 31. Rd4 g5 32. Kf1 a5 33. Rd3 Rbc7 34. Ne1 Kf6 35. Rf3 Kg6 36. Re4 h5 37. Re2 hxg4 38. hxg4 R5c6 39. Kf2 e5 40. Rd3 f5 41. gxf5+ Kxf5 42. Rd5 Rc5 43. Rd8 g4 44. Rf8+ Kg6 45. Rg8+ Kf5 46. Rf8+ Kg6 47. Rg8+ Rg7 48. Rf8 Rf7 49. Rg8+ Rg7 50. Rf8 Rh7 51. Kg1 Rf7 52. Rg8+ Kf5 53. Nd3 Rcc7 54. Re8 Rce7 55. Ra8 Ra7 56. Re8 Rfe7 57. Rf8+ Kg5 58. Rg8+ Rg7 59. Re8 Rae7 60. Ra8 Ra7 61. Re8 Rae7 62. Ra8 g3 63. Rxa5 Kg4 64. Nxe5+ Kh3 65. Re4 Bxe5 66. Raxe5 Rxe5 67. Rxe5 Rc7 68. Rh5+ Kg4 69. Rh8 Rxc2 70. Rg8+ Kf4 71. Rf8+ Ke4 72. Rg8 Rc3 73. a5 Rxb3 74. a6 Ra3 75. Rb8 Kf3 76. Rf8+ Ke3 77. Rb8 Kf3 78. Rf8+ Kg4 79. Rg8+ Kh4 80. Rh8+ Kg4 81. Rg8+ Kf4 82. Rf8+ Ke3 83. Rb8 b3 84. a7 Rxa7 1/2-1/2

[Event "Sitges Sunway op 10th"]
[Site "Sitges"]
[Date "2023.12.20"]
[Round "8"]
[White "Abdisalimov, Abdimalik"]
[Black "Aravindh, Chithambaram VR"]
[Result "0-1"]
[WhiteElo "2496"]
[BlackElo "2646"]
[PlyCount "78"]
[EventDate "2023.12.12"]
[EventType "swiss"]
[EventRounds "10"]
[EventCountry "ESP"]
[SourceTitle "CB52_2023"]
[SourceDate "2023.12.27"]
[SourceVersion "1"]
[SourceVersionDate "2023.12.27"]
[SourceQuality "1"]

1. e4 c5 2. Nf3 d6 3. d4 cxd4 4. Nxd4 Nf6 5. Nc3 Nc6 6. f3 e5 7. Nb3 Be7 8. Be3 0-0 9. Qd2 a5 10. a4 Be6 11. 0-0-0 Nb4 12. g4 Rc8 13. g5 Nh5 14. Kb1 f5 15. gxf6 Nxf6 16. Rg1 Rf7 17. Bg5 Kh8 18. Bb5 h6 19. Bh4 d5 20. Bxf6 Bxf6 21. exd5 Bf5 22. Na1 Bg5 23. Qe2 Rfc7 24. Ne4 Rxc2 25. Nxc2 Rxc2 26. Qxc2 Nxc2 27. Kxc2 Be3 28. Rge1 Bd4 29. Kb3 Qxd5+ 30. Bc4 Qc6 31. Rc1 Bd7 32. Bb5 Qe6+ 33. Rc4 Bxb5 34. axb5 Bxb2 35. f4 a4+ 36. Kb4 Ba3+ 37. Kc3 Bb2+ 38. Kb4 exf4 39. Rd1 Ba3+ 0-1

[Event "Sitges Sunway op 10th"]
[Site "Sitges"]
[Date "2023.12.13"]
[Round "2"]
[White "Abdisalimov, Abdimalik"]
[Black "Korneev, Svyatoslav"]
[Result "1/2-1/2"]
[WhiteElo "2496"]
[BlackElo "2252"]
[PlyCount "111"]
[EventDate "2023.12.12"]
[EventType "swiss"]
[EventRounds "10"]
[EventCountry "ESP"]
[SourceTitle "CB52_2023"]
[SourceDate "2023.12.27"]
[SourceVersion "1"]
[SourceVersionDate "2023.12.27"]
[SourceQuality "1"]

1. Nf3 d5 2. c4 e6 3. g3 Nf6 4. Bg2 Bd6 5. d4 h6 6. Nc3 Nc6 7. 0-0 0-0 8. cxd5 exd5 9. Qb3 Re8 10. e3 Bb4 11. Bd2 Bxc3 12. Bxc3 Rb8 13. Ne5 Nxe5 14. dxe5 Ne4 15. Rad1 Nxc3 16. bxc3 c6 17. e4 Rxe5 18. exd5 c5 19. Qa3 b6 20. Qxa7 Bg4 21. Rb1 Bf5 22. Rbe1 Rxe1 23. Rxe1 Ra8 24. Qb7 Rxa2 25. d6 Rd2 26. Bd5 Be6 27. Qe7 Qf8 28. Be4 g6 29. Ra1 Bd5 30. Bxd5 Rxd5 31. Qxf8+ Kxf8 32. Ra8+ Kg7 33. Rd8 c4 34. Rc8 b5 35. Rc6 Kf6 36. Rb6 Ke6 37. Kf1 Rxd6 38. Rxb5 Rd3 39. Rb6+ Kf5 40. Ke2 Rxc3 41. Rc6 Rc2+ 42. Ke3 h5 43. h4 Ke5 44. Rc7 Ke6 45. Rc6+ Kd7 46. Rf6 Ke7 47. Rc6 c3 48. Rc7+ Ke6 49. Rc6+ Kd7 50. Rf6 Ke7 51. Rf4 Ke6 52. Kd3 Rc1 53. Re4+ Kd6 54. Rd4+ Ke6 55. Re4+ Kd6 56. Rd4+ 1/2-1/2

[Event "Sant Boi de Llobregat op 4th"]
[Site "Sant Boi de Llobregat"]
[Date "2023.12.01"]
[Round "2"]
[White "Abdisalimov, Abdimalik"]
[Black "Laddha, Shubh Jayesh"]
[Result "1-0"]
[WhiteElo "2496"]
[BlackElo "2337"]
[PlyCount "95"]
[EventDate "2023.11.30"]
[EventType "swiss"]
[EventRounds "9"]
[EventCountry "ESP"]
[SourceTitle "CB50_2023"]
[SourceDate "2023.12.13"]
[SourceVersion "1"]
[SourceVersionDate "2023.12.13"]
[SourceQuality "1"]

1. Nf3 d5 2. e3 Nf6 3. c4 c6 4. Nc3 e6 5. b3 Bd6 6. Bb2 0-0 7. Qc2 e5 8. d4 Nbd7 9. Be2 e4 10. Nd2 Re8 11. g4 Nf8 12. g5 Ng4 13. cxd5 cxd5 14. Nxd5 Qxg5 15. Nc7 Nxf2 16. Nxe8 Qh4 17. Rg1 Ng4+ 18. Kd1 Nxe3+ 19. Kc1 Nxc2 20. Rxg7+ Kh8 21. Rxf7 Ng6 22. Kxc2 Bg4 23. d5+ Kg8 24. Rg7+ Kf8 25. Nxd6 Bxe2 26. Rf7+ Kg8 27. N2xe4 Rc8+ 28. Kd2 Qh6+ 29. Kxe2 Rc2+ 30. Kd3 Rxb2 31. Nf6+ Kh8 32. Rxh7+ Qxh7 33. Nxh7 Kxh7 34. Nxb7 Rxh2 35. d6 Ne5+ 36. Kd4 Nd7 37. Re1 Kg6 38. Re7 Nb6 39. Nc5 Rd2+ 40. Nd3 Kf6 41. Rxa7 Ke6 42. Kc3 Rd1 43. Ra6 Nd5+ 44. Kc4 Ne3+ 45. Kd4 Nf5+ 46. Kc3 Nxd6 47. Nb2 Rc1+ 48. Kd2 1-0

[Event "Istanbul Bagcilar op"]
[Site "Istanbul"]
[Date "2023.09.08"]
[Round "8"]
[White "Altun, Arda"]
[Black "Abdisalimov, Abdimalik"]
[Result "1/2-1/2"]
[WhiteElo "2178"]
[BlackElo "2476"]
[PlyCount "60"]
[EventDate "2023.09.03"]
[EventType "swiss"]
[EventRounds "9"]
[EventCountry "TUR"]
[SourceTitle "EXT 2024"]
[Source "ChessBase"]
[SourceDate "2023.10.10"]
[SourceVersion "1"]
[SourceVersionDate "2023.10.10"]
[SourceQuality "1"]

1. e4 c5 2. Nf3 d6 3. d4 cxd4 4. Nxd4 Nf6 5. Nc3 a6 6. Bg5 e6 7. f4 Qb6 8. Qd2 Qxb2 9. Rb1 Qa3 10. f5 Be7 11. fxe6 Bxe6 12. Nxe6 fxe6 13. Bc4 Nbd7 14. Bxe6 Nc5 15. Bf5 g6 16. Bh3 Nfxe4 17. Nxe4 Nxe4 18. Qd4 Qc3+ 19. Qxc3 Nxc3 20. Bxe7 Kxe7 21. Rxb7+ Kf6 22. 0-0+ Kg5 23. Rb3 Ne2+ 24. Kh1 Rhf8 25. g3 Nd4 26. Rd3 Nxc2 27. Rd5+ Kh6 28. Rxf8 Rxf8 29. Rxd6 a5 30. Ra6 Rb8 1/2-1/2

[Event "Istanbul op"]
[Site "Istanbul"]
[Date "2023.08.27"]
[Round "3"]
[White "Eren, Ataberk"]
[Black "Abdisalimov, Abdimalik"]
[Result "1/2-1/2"]
[WhiteElo "2330"]
[BlackElo "2438"]
[PlyCount "80"]
[EventDate "2023.08.26"]
[EventType "swiss"]
[EventRounds "9"]
[EventCountry "TUR"]
[SourceTitle "EXT 2024"]
[Source "ChessBase"]
[SourceDate "2023.10.10"]
[SourceVersion "1"]
[SourceVersionDate "2023.10.10"]
[SourceQuality "1"]

1. d4 Nf6 2. c4 c5 3. d5 g6 4. Nc3 Bg7 5. e4 d6 6. Nf3 0-0 7. Bd3 e6 8. 0-0 Na6 9. h3 Nc7 10. a4 e5 11. a5 Na6 12. Bd2 Ne8 13. Re1 f5 14. Qb1 Nb4 15. Bf1 h6 16. Ra3 Rf7 17. Qd1 Nf6 18. Be3 g5 19. Nh2 Qf8 20. f3 f4 21. Bd2 h5 22. Be2 Bh6 23. Na2 Na6 24. b4 Rg7 25. b5 Nc7 26. Nc3 Bd7 27. Ra2 Kh7 28. Rb2 Nce8 29. Kf2 Qg8 30. Rh1 g4 31. hxg4 hxg4 32. fxg4 Nxg4+ 33. Nxg4 Bxg4 34. Rxh6+ Kxh6 35. Qh1+ Kg5 36. Bxg4 Kxg4 37. Qh3+ Kg5 38. Qf5+ Kh6 39. Qh3+ Kg6 40. Qf5+ Kh6 1/2-1/2

[Event "Istanbul op"]
[Site "Istanbul"]
[Date "2023.08.26"]
[Round "1"]
[White "Biriya, Mohammadamin"]
[Black "Abdisalimov, Abdimalik"]
[Result "0-1"]
[WhiteElo "2139"]
[BlackElo "2438"]
[PlyCount "72"]
[EventDate "2023.08.26"]
[EventType "swiss"]
[EventRounds "9"]
[EventCountry "TUR"]
[SourceTitle "EXT 2024"]
[Source "ChessBase"]
[SourceDate "2023.10.10"]
[SourceVersion "1"]
[SourceVersionDate "2023.10.10"]
[SourceQuality "1"]

1. d4 Nf6 2. Nf3 g6 3. Nc3 Bg7 4. e4 d6 5. Be2 0-0 6. 0-0 b6 7. e5 Nfd7 8. exd6 cxd6 9. d5 Bb7 10. Nd4 Nf6 11. Bf3 Nbd7 12. Bf4 Rc8 13. Re1 Rc4 14. Qd3 Rb4 15. a3 Nc5 16. Qd1 Rxd4 17. Qxd4 Nxd5 18. Qc4 Nxc3 19. Bxb7 d5 20. Qf1 Nxb7 21. bxc3 Bxc3 22. Qa6 Qd7 23. Qxa7 b5 24. Qe3 Bxa1 25. Rxa1 f6 26. Qb3 Na5 27. Qb4 Nc4 28. h3 Ra8 29. Rb1 Nxa3 30. Ra1 Ra4 31. Qc5 Rxf4 32. Rxa3 Rc4 33. Qe3 Rxc2 34. Ra8+ Kg7 35. Ra7 Rc7 36. Ra8 d4 0-1

[Event "Abu Dhabi op 29th"]
[Site "Abu Dhabi"]
[Date "2023.08.18"]
[Round "3"]
[White "Aryan, Chopra"]
[Black "Abdisalimov, Abdimalik"]
[Result "1/2-1/2"]
[WhiteElo "2641"]
[BlackElo "2438"]
[PlyCount "66"]
[EventDate "2023.08.16"]
[EventType "swiss"]
[EventRounds "9"]
[EventCountry "UAE"]
[SourceTitle "EXT 2024"]
[Source "ChessBase"]
[SourceDate "2023.10.10"]
[SourceVersion "1"]
[SourceVersionDate "2023.10.10"]
[SourceQuality "1"]

1. e4 c6 2. d4 d5 3. e5 Bf5 4. Nf3 e6 5. Be2 c5 6. Be3 Qb6 7. Nc3 Nc6 8. Na4 Qa5+ 9. c3 c4 10. b4 Bxb4 11. cxb4 Nxb4 12. Nc5 Nc2+ 13. Kf1 Nxa1 14. Qxa1 Qb5 15. a4 Qb1+ 16. Qxb1 Bxb1 17. Ke1 Ne7 18. Kd2 Bg6 19. Nh4 0-0-0 20. h3 Kc7 21. Nxg6 hxg6 22. Rb1 Rb8 23. Bd1 a5 24. Bg4 Nf5 25. Rc1 Ra8 26. Nd3 Rhb8 27. Bd1 Kd8 28. Nb2 b5 29. axb5 Rxb5 30. Na4 f6 31. exf6 gxf6 32. Bc2 Nxe3 33. fxe3 f5 1/2-1/2